00483nam a2200145 a 450000500170000000800410001705000290005810000210008724500760010826000460018430000230023060000340025365000200028770000300030720141201091026.0  aBL 1900.L26b.Sa195 20121 aSan Juan, E. Jr.10aLandas at kapangyarihan :bsalin ng Tao Te Ching /cni E. San Juan, Jr. aQuezon City :bPopular Bookstore,cc2012. a96 pages :c21 cm. 0aLao-tzu. Dao de jingvPoetry. 0aTaoismvPoetry. aSan Juan, Epifanio, 1938-